00313pab a2200121 454500008004000000100002600040245005100066260000900117300001400126362001200140650002100152773001800173180718b2008 xxu||||| |||| 00| 0 eng d aNatharaj, P.S. Vijaya aRights of disabled persons: vision and mission c2008 ap.393-98. aOct-Dec aDisabled persons aSocial Action